|
|
|
|
| LEADER |
00000cam a2200000 i 4500 |
| 001 |
1/31564 |
| 008 |
960820q1930 gr | ||| gre|| |
| 035 |
|
|
|l 10023601
|
| 040 |
|
|
|a GR-MY-UA
|b gre
|e aacr
|
| 041 |
1 |
|
|a gre
|h eng
|
| 082 |
0 |
|
|a 820
|
| 082 |
0 |
|
|a 813
|
| 100 |
1 |
|
|a Stone, Irving,
|d 1903-1989.
|
| 245 |
1 |
0 |
|a Βάν Γκόγκ :
|b η ζωή ενός μεγάλου ζωγράφου /
|c Ιρβινγκ Στόουν ; μετάφραση Μίνας Ζωγράφου-Μεραναίου.
|
| 246 |
1 |
|
|a Βάν Γκόγκ :
|b η ζωή ενός μεγάλου ζωγράφου.
|
| 260 |
|
|
|a Αθήνα :
|b Δαρέμα,
|c [19--?].
|
| 300 |
|
|
|a 426 σ. :
|b εικ. ;
|c 22 εκ.
|
| 600 |
1 |
0 |
|a Gogh, Vincent van,
|d 1853-1890
|x Biography.
|
| 650 |
0 |
0 |
|a Painters
|z Netherlands
|x Biography.
|
| 700 |
1 |
|
|a Ζωγράφου-Μεραναίου, Μίνα,
|e trlf
|
| 852 |
|
|
|a INST
|b CHIOS
|e 19960820
|h 820 ΣΤΟ
|p 005200009198
|q 005200009198
|t BK
|y 0
|
| 852 |
|
|
|a INST
|b SAMOS
|e 20170927
|h 813 STO
|p 005300044781
|q 005300044781
|t BK
|y 0
|
| 909 |
|
|
|a Χ
|b 016292
|